Not the duke's darling. #1 / Elizabeth Hoyt.
Available copies
- 1 of 1 copy available at LARL/NWRL Consortium.
- 1 of 1 copy available at Lake Agassiz Regional Library. (Show preferred library)
Current holds
0 current holds with 1 total copy.
View other formats and editions
Show All Copies
| Location | Call Number / Copy Notes | Barcode | Shelving Location | Status | Due Date |
|---|---|---|---|---|---|
| Crookston Public Library | HOY (Text) | 33500012824447 | Main | Available | - |
Record details
- ISBN: 9781538763520
- ISBN: 1538763524
- Physical Description: 468 pages ; 17 cm.
- Edition: First edition.
- Publisher: New York : Forever, 2018.
Content descriptions
| General Note: | Includes bonus novella, Patience for Christmas, by Grace Burrowes. |
| Summary, etc.: | Freya de Moray is many things: a member of the ... Read More |
Search for related items by subject
| Subject: | Nobility > Fiction. Parties > Fiction. Extortion > Fiction. |
| Genre: | Romance fiction. Historical fiction. |
Search for related items by series
| LDR | 02338cam a2200397Ii 4500 | ||
|---|---|---|---|
| 001 | 303531 | ||
| 003 | LARL_NWRL_CONSORTIUM | ||
| 005 | 20181214210027.0 | ||
| 008 | 180409s2018 nyu e 000 1 eng d | ||
| 040 | . | ‡aYDX ‡beng ‡erda ‡cYDX ‡dIEB ‡dOI6 ‡dUAP | |
| 019 | . | ‡a1030814898 | |
| 020 | . | ‡a9781538763520 ‡q(paperback) | |
| 020 | . | ‡a1538763524 ‡q(paperback) | |
| 035 | . | ‡a(OCoLC)1030765336 ‡z(OCoLC)1030814898 | |
| 082 | 0 | 4. | ‡a[Fic] ‡223 |
| 100 | 1 | . | ‡aHoyt, Elizabeth, ‡d1970- ‡eauthor. ‡0(LARL_NWRL_CONSORTIUM)211861 |
| 245 | 1 | 0. | ‡aNot the duke's darling. ‡n#1 / ‡cElizabeth Hoyt. |
| 250 | . | ‡aFirst edition. | |
| 264 | 1. | ‡aNew York : ‡bForever, ‡c2018. | |
| 300 | . | ‡a468 pages ; ‡c17 cm. | |
| 336 | . | ‡atext ‡btxt ‡2rdacontent | |
| 337 | . | ‡aunmediated ‡bn ‡2rdamedia | |
| 338 | . | ‡avolume ‡bnc ‡2rdacarrier | |
| 490 | 0 | . | ‡aGreycourt ; ‡v1 |
| 500 | . | ‡aIncludes bonus novella, Patience for Christmas, by Grace Burrowes. | |
| 520 | . | ‡aFreya de Moray is many things: a member of the secret order of Wise Women, the daughter of disgraced nobility, and a chaperone living under an assumed name. What she is not is forgiving. So when the Duke of Harlowe, the man who destroyed her brother and led to the downfall of her family, appears at the country house party she's attending, she does what any Wise Woman would do: she starts planning her revenge. Christopher Renshaw, the Duke of Harlowe, is being blackmailed. Intent on keeping his secrets safe, he agrees to attend a house party where he will put an end to this coercion once and for all. Until he recognizes Freya, masquerading among the party revelers, and realizes his troubles have just begun. Freya knows all about his sins--sins he'd much rather forget. But she's also fiery, bold, and sensuous--a temptation he can't resist. When it becomes clear Freya is in grave danger, he'll risk everything to keep her safe. But first, he will have to earn Freya's trust...by whatever means necessary.-- ‡cPublisher's description. | |
| 650 | 0. | ‡aNobility ‡vFiction. ‡0(LARL_NWRL_CONSORTIUM)166350 | |
| 650 | 0. | ‡aParties ‡vFiction. ‡0(LARL_NWRL_CONSORTIUM)166817 | |
| 650 | 0. | ‡aExtortion ‡vFiction. ‡0(LARL_NWRL_CONSORTIUM)164841 | |
| 655 | 7. | ‡aRomance fiction. ‡2lcgft | |
| 655 | 7. | ‡aHistorical fiction. ‡2lcgft | |
| 700 | 1 | 2. | ‡aBurrowes, Grace. ‡tPatience for Christmas. |
| 901 | . | ‡a303531 ‡bOCoLC ‡c303531 ‡tbiblio ‡soclc | |

Add to basket
Permalink
Disable Highlighting